Krishna Yajur Veda Taittiriya Aranyaka : (Record no. 147001)

MARC details
000 -LEADER
fixed length control field 00839nam a22002177a 4500
005 - DATE AND TIME OF LATEST TRANSACTION
control field 20171030145853.0
010 ## - LCCN (DPL NO)
LC control number ENG-121102-103
020 ## - INTERNATIONAL STANDARD BOOK NUMBER
Terms of availability 400.00
International Standard Book Number 9788179941232 (part-1)
020 ## - INTERNATIONAL STANDARD BOOK NUMBER
Terms of availability 750.00
International Standard Book Number 9788179941546 (part-2)
035 ## - SYSTEM CONTROL NUMBER
System control number EN-104634-35
037 ## - SOURCE OF ACQUISITION
Source of stock number/acquisition DBAD/PUB
082 ## - DEWEY DECIMAL CLASSIFICATION NUMBER
Classification number 220.21
245 ## - TITLE STATEMENT
Title Krishna Yajur Veda Taittiriya Aranyaka :
Statement of responsibility, etc edited by R.L. Kashyap ; translated by Shrikant Jamadagni
Remainder of title text in devanagari, translation and notes /
260 ## - PUBLICATION, DISTRIBUTION, ETC. (IMPRINT)
Place of publication, distribution, etc Bangalore
Name of publisher, distributor, etc Sakshi Sri Aurobindo Kapali Institute of Vedic Culture
Date of publication, distribution, etc 2014
270 ## - ADDRESS
Address # 63, 13th Main, 4th Block East, Jayanagar
City Bangalore
Postal code 560011
300 ## - PHYSICAL DESCRIPTION
Extent 2-Parts- (xxvii,326p. ; xxiv,221p.)
Dimensions 23cm(Hb)
500 ## - GENERAL NOTE
General note Includes index
700 ## - ADDED ENTRY--PERSONAL NAME
Personal name Jamadagni, Shrikant
700 ## - ADDED ENTRY--PERSONAL NAME
Personal name Kashyap, R.L.
942 ## - ADDED ENTRY ELEMENTS (KOHA)
Source of classification or shelving scheme Dewey Decimal Classification
Item type English Books
Call number suffix KRI
Classification part 220.21
Holdings
Withdrawn status Lost status Materials specified (bound volume or other part) Not for loan Collection code Home library Current library Date acquired Source of acquisition Cost, normal purchase price Full call number Barcode Copy number Cost, replacement price Koha item type
    part-1 Not For Loan Non-fiction D.B.Act.Division Bawana 30/10/2017 DBAD/PUB 400.00 220.21 KRI EN-104634 1 400.00 English Books
    part-2 Not For Loan Non-fiction D.B.Act.Division Bawana 30/10/2017 DBAD/PUB 250.00 220.21 KRI EN-104635 1 250.00 English Books

© Delhi Public Library
Hit Counter
free hit counter